Outlines of physical chemistry

This book was originally published prior to 1923, and represents a reproduction of an important historical work, maintaining the same format as the original work. While some publishers have opted to apply OCR (optical character recognition) technology to the process, we believe this leads to sub-opt...

Descripció completa

Guardat en:
Dades bibliogràfiques
Autor principal: Getman, Frederick Hutton
Format: Llibre
Idioma:Undetermined
Publicat: New York J. Wiley 1913
Matèries:
Etiquetes: Afegir etiqueta
Sense etiquetes, Sigues el primer a etiquetar aquest registre!
Thư viện lưu trữ: Trung tâm Học liệu Trường Đại học Cần Thơ
LEADER 01000nam a2200193Ia 4500
001 CTU_186332
008 210402s9999 xx 000 0 und d
082 |a 541 
082 |b G394 
100 |a Getman, Frederick Hutton 
245 0 |a Outlines of physical chemistry 
245 0 |c Frederick H. Getman, Farrington Daniels 
260 |a New York 
260 |b J. Wiley 
260 |c 1913 
520 |a This book was originally published prior to 1923, and represents a reproduction of an important historical work, maintaining the same format as the original work. While some publishers have opted to apply OCR (optical character recognition) technology to the process, we believe this leads to sub-optimal results (frequent typographical errors, strange characters and confusing formatting) and does not adequately preserve the historical character of the original artifact. 
650 |a Chemistry, Physical,Hóa lý 
904 |i Qhieu 
980 |a Trung tâm Học liệu Trường Đại học Cần Thơ